00999cam a22002655i 4500001001000000003000900010005001700019008004100036020002500077020002200102040004100124082002000165100005200185245006900237264005200306300004400358504005200402650005500454651001000509653002600519655001700545942002400562999001700586952013000603015762215EG-ScBUE20221221111303.0110228s2011 enka f b 001 0 eng d a9780521243155 (pbk.) a0521243157 (pbk.) aStDuBDSbengerdacStDuBDSdEG-ScBUE04a729.13bSCH2221 aScholfield, P. H.q(Peter Hugh)eauthor.93844414aThe theory of proportion in architecture /cby P. H. Scholfield. 1aCambridge :bCambridge University Press,c2011. axi, 155 pages :billustrations ;c26 cm aIncludes bibliographical references and index.  7aArchitecturexComposition, proportion, etc.2BUEsh 2BUEsh bENGGENcSeptember2015 vReading book 2ddck729.13 SCHcBB c20863d20835 00102ddc40708BaccahaMAINbMAINc2NDd2015-09-28ePurchasel0o729.13 SCHp000030961r2025-07-15 00:00:00w2015-09-28yBB